|
|
|
|
| LEADER |
01539nam a2200433 a 4500 |
| 001 |
nkc20122428476 |
| 003 |
CZ PrNK |
| 005 |
20131112140457.0 |
| 007 |
ta |
| 008 |
130405s2013 xr e 000 f cze |
| 015 |
|
|
|a cnb002428476
|
| 020 |
|
|
|a 978-80-7321-692-4
|q (váz.)
|
| 035 |
|
|
|a (OCoLC)842343243
|
| 040 |
|
|
|a ABA001
|b cze
|
| 041 |
1 |
|
|a cze
|h eng
|
| 072 |
|
7 |
|a 821.111(73)-3
|x Americká próza
|2 Konspekt
|9 25
|
| 080 |
|
|
|a 821.111(73)-31
|2 MRF
|
| 080 |
|
|
|a (0:82-993)
|2 MRF
|
| 100 |
1 |
|
|a Day, Sylvia,
|d 1973-
|7 mzk2009534975
|4 aut
|
| 245 |
1 |
0 |
|a Spoutaná /
|c Sylvia Day ; [překlad Jana Pacnerová]
|
| 246 |
1 |
|
|i Na obálce další název:
|a Crossfire série 2
|
| 250 |
|
|
|a 1. vyd.
|
| 260 |
|
|
|a Praha :
|b Fortuna Libri,
|c c2013
|
| 300 |
|
|
|a 342 s. ;
|c 22 cm
|
| 490 |
1 |
|
|a Fortuna Litera
|
| 500 |
|
|
|a Přeloženo z angličtiny
|
| 655 |
|
7 |
|a americké romány
|7 fd131796
|2 czenas
|
| 655 |
|
7 |
|a erotické romány
|7 fd132211
|2 czenas
|
| 655 |
|
9 |
|a American fiction
|2 eczenas
|
| 655 |
|
9 |
|a erotic novels
|2 eczenas
|
| 765 |
0 |
|
|t Reflected in you
|9 Česky
|
| 830 |
|
0 |
|a Fortuna Litera
|0 s
|
| 856 |
4 |
1 |
|u http://www.digitalniknihovna.cz/mzk/uuid/uuid:3ac93fe0-a0f8-11e6-9325-005056827e52
|y Digitalizovaný dokument
|x NDK
|
| 910 |
2 |
|
|a BOA001
|b 2-1301.823
|
| 990 |
|
|
|a BK
|
| 995 |
|
|
|a 01
|
| 991 |
|
|
|b 201304
|e b
|
| 996 |
6 |
|
|b 2610544879
|c 2-1301.823
|l MZK
|r Sklad / do 1 hodiny
|n 4
|p p.v.
|w 001321778
|u 000010
|a 1
|e BOA001
|j MZK50
|s P
|
| 996 |
7 |
|
|b 2610552768
|c 2-1301.823
|l MZK
|r Sklad / do 1 hodiny
|n 21
|p kup
|w 001321778
|u 000020
|a 1
|e BOA001
|j MZK50
|s A
|